000 00284nam a2200121Ia 4500
008 191201s2013 xx 000 0 und d
082 _a005.133
_bWAH
100 _aWALLARD,Wendy
245 0 _aHTML A biginner guide
260 _c2013
_bTMH
_aNEW DELHI
300 _a488
942 _2ddc
_cBK
999 _c7849
_d7849